000 00282nam a22001337a 4500
008 190304b xxu||||| |||| 00| 0 eng d
020 _a9781469864150
041 _aeng
080 _26th
_a610
100 _a4
101 _aSHM
245 _aMedicine
_cYoung,V.B
942 _2udc
_cBK
999 _c54399
_d54399